Gratiani canones genuini ab apocryphis discreti, corrupti ad emendatiorum codicum fidem exacti, difficiliores commoda interpretatione illustrati

Detalles Bibliográficos
Autor principal: Gratianus el canonista s. XII
Otros Autores: Berardi, Carlo Sebastiano 1719-1768 (Compilador)
Formato: Libro
Lenguaje:Latin
Publicado: Venetiis 1777
Materias:
Colección:Banco de datos
Acervo:Biblioteca de la Congregación del Oratorio de San Felipe Neri de México. Iglesia La Profesa
Descripción Física:t. 4°
Tema general:Derecho eclesiástico
Notas:Portada tipográfica con viñeta y pleca en grabado xilográfico. Texto a dos columnas con apostillas marginales. Incluye cabeceras de título en grabado xilográfico. Incluye capitulares floreadas en grabado xilográfico. Cada tomo con portada y numeración propias. Año del t. 1-3 publicado en 1777. Paginación: t. 1, v. 1 XL, 448 p.; t. 1, v. 2 IV, 430 p., [1] h.; t. 2, v. 2 IV, 396 p.; t. 3 IV, 500 p. Encuadernación en piel sobre cartón (5528-5531). Sello en tinta del Oratorio de San Felipe Neri de México. Biblioteca La Profesa, D.F. (5528-5531)
LEADER 01559nam a22001930004500
035 |a 2792 
041 0 |a lat 
100 1 |a Gratianus  |c el canonista  |d s. XII 
245 1 0 |a Gratiani canones genuini ab apocryphis discreti, corrupti ad emendatiorum codicum fidem exacti, difficiliores commoda interpretatione illustrati  |c opera et studio Caroli Sebastiani Berardi presbyteri uneliensis, in regio arbenaeo jurisconsultorum Collegio adscripti, et jurisprudentiae studiis in Regia Academia praefecti 
260 |a Venetiis  |b ex typographia Petri Valvasensis ; sumptibus Societatis  |c 1777 
300 |a  t.  |c 4° 
500 |a Portada tipográfica con viñeta y pleca en grabado xilográfico. Texto a dos columnas con apostillas marginales. Incluye cabeceras de título en grabado xilográfico. Incluye capitulares floreadas en grabado xilográfico. Cada tomo con portada y numeración propias. Año del t. 1-3 publicado en 1777. Paginación: t. 1, v. 1 XL, 448 p.; t. 1, v. 2 IV, 430 p., [1] h.; t. 2, v. 2 IV, 396 p.; t. 3 IV, 500 p. Encuadernación en piel sobre cartón (5528-5531). Sello en tinta del Oratorio de San Felipe Neri de México. Biblioteca La Profesa, D.F. (5528-5531)  
504 |a Índice de capítulos 
650 1 0 |a Derecho eclesiástico 
700 1 |a Berardi, Carlo Sebastiano  |d 1719-1768  |e com. 
949 |a Iglesia La Profesa, Biblioteca t. 1, v. 1 (5528); t. 1, v. 2 (5529); t. 2, v. 2 (5530); t. 3 (5531) 
942 |c PROFESA 
943 |g Biblioteca de la Congregación del Oratorio de San Felipe Neri de México. Iglesia La Profesa 
999 |c 949603  |d 949603